[Event "Bratislava-ch"]
[Site "Bratislava"]
[Date "2003.04.06"]
[Round "5"]
[White "Khandl, Stefan"]
[Black "Soos, Vladimir"]
[Result "1/2-1/2"]
[WhiteElo "1750"]
[BlackElo "1838"]
[PlyCount "51"]
[EventDate "2003.03.??"]
[EventType "swiss"]
[EventRounds "9"]
[EventCountry "SVK"]
[SourceTitle "EXT 2006"]
[Source "ChessBase"]
[SourceDate "2005.11.24"]
[SourceVersion "1"]
[SourceVersionDate "2005.11.24"]
[SourceQuality "1"]

1. e4 c5 2. Nf3 Nc6 3. d4 cxd4 4. Nxd4 Nf6 5. Nc3 e5 6. Ndb5 d6 7. Bg5 a6 8. Na3 b5 9. Nd5 Be7 10. Bxf6 Bxf6 11. c3 0-0 12. Nc2 Bg5 13. a4 bxa4 14. Rxa4 a5 15. Bd3 Bd7 16. Ra2 Ne7 17. Nce3 Be6 18. Nxe7+ Qxe7 19. Nd5 Bxd5 20. exd5 e4 21. Be2 e3 22. f3 Bh4+ 23. g3 Rfe8 24. 0-0 Bf6 25. Qa1 Qc7 26. Ra4 1/2-1/2